000 00344cam a22001097a 4500
008 180718b1967 xxu||||| |||| 00| 0 eng d
082 _aR706x71 C16p
245 _aTask force on labour relations: progress report
_cby Privy Council Office
260 _aOttawa
_bPrivy Council Office
_c1967
300 _av.p.
700 _aCanada. Privy Council Office
999 _c496410
_d496410